000 00391nam a2200133Ia 4500
008 220217s9999||||xx |||||||||||||| ||und||
020 _a0-07-463386-4
082 _a621.381 5 SAN
100 _aSalivahanan, S Kumar, Suresh, N & vallavaraj, A
_91216
245 0 _aElectronic devices and circuits
260 _aTata mcgraw hill
_bNew Delhi
_c2001
300 _b195
650 _aCIRCUITRY
999 _c170155
_d170155